000 00477cam a2200193 4500
001 D15685
008 090401t1969 xxu||||| |||| 00| 0 eng d
035 _a(Sirsi) u24577
041 _aeng
050 _aRICS 1969/11ABD
110 _aThe Chartered Auctioneers & Estate Agents Institute
_91179
245 _aMetrication and the land
260 _bCAEAI
_c1969
300 _a10p
350 _a0
520 _aFiled in box 1969/11 ABD
942 _n0
948 _c04/03/1997
999 _c88569
_d88569